header

Samsung SmartTV application development / (Record no. 124953)

MARC details
000 -LEADER
fixed length control field 01694nam a2200361 i 4500
001 - CONTROL NUMBER
control field ebr10767590
003 - CONTROL NUMBER IDENTIFIER
control field CaPaEBR
006 - FIXED-LENGTH DATA ELEMENTS--ADDITIONAL MATERIAL CHARACTERISTICS--GENERAL INFORMATION
fixed length control field m o d
007 - PHYSICAL DESCRIPTION FIXED FIELD--GENERAL INFORMATION
fixed length control field cr cn|||||||||
008 - FIXED-LENGTH DATA ELEMENTS--GENERAL INFORMATION
fixed length control field 131004s2013 njua o 000 0 eng|d
020 ## - INTERNATIONAL STANDARD BOOK NUMBER
Cancelled/invalid ISBN 9781118828021
International Standard Book Number 9781118827994 (e-book)
040 ## - CATALOGING SOURCE
Original cataloging agency CaPaEBR
Language of cataloging eng
Description conventions rda
-- pn
Transcribing agency CaPaEBR
035 ## - SYSTEM CONTROL NUMBER
System control number (OCoLC)861536479
050 14 - LIBRARY OF CONGRESS CALL NUMBER
Classification number TK6630
Item number .H36 2013eb
110 2# - MAIN ENTRY--CORPORATE NAME
Corporate name or jurisdiction name as entry element Handstudio Co., Ltd.
245 10 - TITLE STATEMENT
Title Samsung SmartTV application development /
Statement of responsibility, etc Handstudio Co., Ltd ; Forewords by Hyogun Lee, R&D Office Leader, Senior Vice President of Visual Display Division, Samsung Electronics & Joonhee Ahn, Handstudio CEO.
264 #1 - PRODUCTION, PUBLICATION, DISTRIBUTION, MANUFACTURE, AND COPYRIGHT NOTICE
Place of production, publication, distribution, manufacture Somerset, New Jersey :
Name of producer, publisher, distributor, manufacturer Wiley,
Date of production, publication, distribution, manufacture, or copyright notice 2013.
300 ## - PHYSICAL DESCRIPTION
Extent 1 online resource (329 pages) :
Other physical details color illustrations
336 ## - CONTENT TYPE
Content type term text
Source rdacontent
337 ## - MEDIA TYPE
Media type term computer
Source rdamedia
338 ## - CARRIER TYPE
Carrier type term online resource
Source rdacarrier
588 ## - SOURCE OF DESCRIPTION NOTE
Source of description note Description based on online resource; title from PDF title page (ebrary, viewed October 10, 2013).
590 ## - LOCAL NOTE (RLIN)
Local note Electronic reproduction. Palo Alto, Calif. : ebrary, 2013. Available via World Wide Web. Access may be limited to ebrary affiliated libraries.
650 #0 - SUBJECT ADDED ENTRY--TOPICAL TERM
Topical term or geographic name as entry element Television
General subdivision Technological innovations.
Topical term or geographic name as entry element Interactive television.
Topical term or geographic name as entry element Television viewers.
Topical term or geographic name as entry element Television broadcasting.
655 #0 - INDEX TERM--GENRE/FORM
Genre/form data or focus term Electronic books.
776 08 - ADDITIONAL PHYSICAL FORM ENTRY
Display text Print version:
Main entry heading Handstudio Co., Ltd.
Title Samsung SmartTV application development.
Place, publisher, and date of publication Somerset, New Jersey : Wiley, 2013
Physical description 324 pages
International Standard Book Number 9781118828021
797 2# - LOCAL ADDED ENTRY--CORPORATE NAME (RLIN)
Corporate name or jurisdiction name as entry element ebrary.
856 40 - ELECTRONIC LOCATION AND ACCESS
Uniform Resource Identifier <a href="http://site.ebrary.com/lib/rucke/Doc?id=10767590">http://site.ebrary.com/lib/rucke/Doc?id=10767590</a>
Public note An electronic book accessible through the World Wide Web; click to view

No items available.

© 2026 Rongo University
Contact us: librarian | system librarian | Rongo university